| 000 | 00695nam a2200229 a 4500 | ||
|---|---|---|---|
| 001 | 20291 | ||
| 003 | CO-ViMGA | ||
| 008 | 141112s2004 ck r 000 u spa d | ||
| 020 | _a8426117376 | ||
| 040 |
_aCO-ViMGA _bspa _cCO-ViMGA |
||
| 082 | 0 | 4 | _aOXEv |
| 100 | 1 |
_aOxenbury, Helen _929314 |
|
| 245 | 1 | 0 | _aVistiendose |
| 260 |
_aBarcelona : _bJuventud, _c1985 |
||
| 300 | _a12p il. | ||
| 490 | _aLos Libros del Chiquitín | ||
| 590 | _aForma de adquisición : Premio Min Cultura - - Precio : 14.140 - - Fecha de adquisición : Febrero 2005 | ||
| 650 | 1 | 4 |
_aEDUCACIaN DE NIÑOS _929315 |
| 650 | 1 | 4 |
_aENSEÑANZA VISUAL _929316 |
| 650 | 1 | 4 |
_aLIBROS ILUSTRADOS PARA NIÑOS _92001 |
| 942 |
_2ddc _cBK |
||
| 999 |
_c29306 _d29306 |
||